[Event "BCF-ch"]
[Site "Dundee"]
[Date "1993.??.??"]
[Round "6"]
[White "Hebden, Mark"]
[Black "Quillan, Gary"]
[Result "1-0"]
[WhiteElo "2560"]
[BlackElo "2300"]
[Annotator "Bulletin"]
[PlyCount "83"]
[EventDate "1993.08.??"]
[EventType "swiss"]
[EventRounds "11"]
[EventCountry "SCO"]
[SourceTitle "CBM 038"]
[Source "ChessBase"]
[SourceDate "1994.02.01"]
[SourceVersion "1"]
[SourceVersionDate "1994.02.01"]
[SourceQuality "1"]

1. d4 Nf6 2. Nf3 c5 3. d5 d6 4. Nc3 g6 5. e4 Bg7 6. Be2 O-O 7. O-O Na6 8. Nd2
Nc7 9. a4 Rb8 10. Nc4 b6 11. Re1 (11. f4 $5) 11... a6 12. Bf4 b5 13. axb5 Nxb5
14. Nxb5 axb5 15. Na5 Bd7 16. e5 Ne8 17. Bf3 (17. Bg4 Bxg4 18. Qxg4 dxe5 19.
Bxe5 Bxe5 20. Rxe5 Ra8 $1 $13) 17... Qc7 18. e6 fxe6 19. dxe6 Bc8 (19... Rxf4
20. exd7 Qxd7 21. Nc6 $16) 20. Bc1 Rb6 21. Nb3 Bb7 22. Bxb7 Qxb7 23. c3 Nf6 24.
Bg5 Ra6 25. Rxa6 Qxa6 26. Nd2 Qa2 27. Qc2 Qd5 28. Nf3 Ra8 29. Qe2 Qb3 30. Bc1
Ra4 (30... Ra1 $142) 31. Nd2 $1 Qc2 32. Qxb5 Ra1 33. Nb3 Rb1 34. Qb8+ Bf8 35.
h3 d5 (35... c4 36. Nd4 $13) 36. g4 g5 37. Kg2 d4 38. Nxc5 $1 h6 (38... Rxc1
39. Rxc1 Qxc1 40. Nd7 $18) 39. Nd7 Nh7 40. Qe8 Rxc1 41. Qf7+ Kh8 42. Rxc1 1-0

[Event "BCF-ch"]
[Site "Dundee"]
[Date "1993.??.??"]
[Round "8"]
[White "Arkell, Keith C"]
[Black "Hodgson, Julian M"]
[Result "1-0"]
[WhiteElo "2460"]
[BlackElo "2625"]
[Annotator "Bulletin"]
[PlyCount "130"]
[EventDate "1993.08.??"]
[EventType "swiss"]
[EventRounds "11"]
[EventCountry "SCO"]
[SourceTitle "CBM 038"]
[Source "ChessBase"]
[SourceDate "1994.02.01"]
[SourceVersion "1"]
[SourceVersionDate "1994.02.01"]
[SourceQuality "1"]

1. d4 Nf6 2. Nf3 c5 3. d5 g6 4. Nc3 Bg7 5. e4 O-O (5... d6 6. Bb5+) 6. a4 (6.
Be2 b5 $5) 6... e6 7. Be2 exd5 8. exd5 d6 9. Nd2 Na6 10. Nc4 Nb4 11. Bf4 Ne8
12. Nb5 $1 Bf5 13. Rc1 Be4 $5 (13... Na2 14. Rb1 Nb4) 14. O-O Nxd5 15. Bxd6 $1
a6 $5 (15... Qg5 16. Bf3 Bxf3 17. Qxf3 Nxd6 18. Nbxd6 $14 {/\ Nxb7, h4}) 16.
Bxf8 Kxf8 17. Nba3 Nec7 18. a5 Ne6 19. c3 Bh6 $44 20. Ra1 Bxg2 $5 21. Kxg2 Qh4
22. Bg4 (22. Bf3 Ndf4+ (22... Bf4 23. Rh1) (22... Rd8 23. Qc2 $1 Ng5 (23...
Ndf4+ 24. Kh1 Ng5 (24... Qh3 25. Bxb7 Nd3) 25. Bxb7) 24. Bxd5 Qh3+ 25. Kg1 Rxd5
(25... Nf3+ 26. Bxf3 Qxf3 27. Ne5 $1 $18) 26. f4 $1) 23. Kh1 Rd8 24. Qc2 Ng5
25. Bxb7 $18) 22... f5 23. Bxf5 gxf5 24. Qf3 Bf4 25. Qh3 Qxh3+ 26. Kxh3 Kf7
$138 27. Rg1 Ng5+ 28. Kg2 Rg8 29. Kh1 Rg6 30. Rad1 Nf6 31. Nd6+ Ke6 32. Rge1+
Nfe4 33. Nxe4 fxe4 34. Rg1 (34. Re2 Rh6 35. f3) 34... Rh6 35. Rg2 Nf3 36. Nc4
Bxh2 $2 (36... Rh3 $1 37. Ne3 Bxh2 38. Rg8 (38. Rg4 Bf4+ $2 (38... Bg1+ 39. Kg2
Rh2+ 40. Kg3 Bxf2+ 41. Kf4 Ne5 42. Rg8 Rh4+ 43. Ng4 Nxg4 44. Rxg4 Be3+ $1 45.
Kg3 Bf2+ $10) 39. Kg2 Rh2+ 40. Kf1 Bxe3 41. Rxe4+ $16) 38... Bf4+ 39. Kg2 Rh2+
40. Kf1 Bxe3 41. fxe3 Rh1+ 42. Ke2 Rh2+ $10) 37. Rg8 Bg1+ 38. Kg2 Rh2+ 39. Kg3
Bxf2+ 40. Kf4 Rh4+ 41. Rg4 $14 Rxg4+ 42. Kxg4 Ne5+ 43. Nxe5 Kxe5 44. Rh1 Kd5
45. Kf4 e3 46. Kf3 Kc6 47. Rxh7 Bg1 48. Ke2 Bf2 49. Kd3 Bg3 50. Rh6+ Kd7 51.
Rb6 Kc8 52. Re6 Bc7 53. Kc4 $1 Bxa5 54. Kxc5 Bd8 55. Rxe3 Kc7 56. Kd5 Bg5 57.
Re5 Bc1 58. Re7+ Kb6 59. c4 $1 a5 (59... Bxb2 60. c5+ Ka5 61. Rxb7) 60. c5+ Ka6
61. b3 Bd2 62. Re6+ Ka7 63. Kc4 Kb8 64. Kb5 Kc7 65. Re7+ Kc8 (65... Kc8 66. Kb6
Bb4 67. Rc7+ $18) 1-0

[Event "EU-chT (Men) 10th"]
[Site "Debrecen"]
[Date "1992.11.??"]
[Round "5.2"]
[White "Bareev, Evgeny"]
[Black "Speelman, Jonathan S"]
[Result "0-1"]
[WhiteElo "2635"]
[BlackElo "2630"]
[Annotator "Bulletin"]
[PlyCount "102"]
[EventDate "1992.11.20"]
[EventType "team-swiss"]
[EventRounds "9"]
[EventCountry "HUN"]
[SourceTitle "EU-chT"]
[Source "ChessBase"]
[SourceDate "1999.07.01"]
[SourceVersion "2"]
[SourceVersionDate "1999.07.01"]
[SourceQuality "1"]
[WhiteTeam "Russia"]
[BlackTeam "England"]
[WhiteTeamCountry "RUS"]
[BlackTeamCountry "ENG"]

1. d4 g6 2. e4 Bg7 3. f4 c5 4. d5 d6 5. a4 Na6 6. Nf3 Nc7 7. c4 f5 8. e5 e6 9.
dxe6 (9. Ra3 Nh6 (9... exd5 10. cxd5 dxe5 11. fxe5 Qxd5 12. Rd3 $36) 10. Rd3
Nf7 $1 $13 11. dxe6 (11. exd6 $2 Qxd6 12. dxe6 Qe7 $1 $8) 11... Nxe6 {- 9. de6}
) 9... Nxe6 10. Ra3 Nh6 11. Rd3 Nf7 12. Nc3 Bd7 13. Rxd6 (13. exd6 O-O $13)
13... Nxd6 14. Qxd6 Kf7 15. h4 Bc6 16. Qxd8 Raxd8 17. Kf2 h6 18. Be2 g5 19.
hxg5 (19. fxg5 hxg5 20. Nxg5+ (20. Bxg5 $4 Bxf3 $1) 20... Nxg5 21. Bxg5) 19...
hxg5 20. Rxh8 Rxh8 21. fxg5 Nd4 22. Bf4 Nxe2 23. Kxe2 Ke6 24. Nb5 Bxf3+ 25.
gxf3 Bxe5 26. Nc7+ Bxc7 27. Bxc7 Rh1 (27... Rh5 $1 28. Bf4 Rh1 {ץf4}) 28. Kd3
Rd1+ 29. Kc2 Ra1 30. b3 Ra2+ 31. Kc3 Rf2 32. f4 Rf3+ 33. Kb2 Kd7 34. Be5 Rg3
35. Bb8 Rg4 36. a5 (36. Bxa7 $5 Rxf4 37. Bxc5 Kc6) (36. Kc3 Kc6 37. Kb2 a6 38.
Kc3 b5 39. a5 $1 Rg2 40. Be5) 36... Kc6 37. Ka3 b5 38. axb6 axb6 39. Ka4 Rg2
40. b4 Rb2 41. b5+ Kd7 42. Ka3 Rb4 43. g6 Rxc4 44. g7 Rc3+ 45. Ka4 Rg3 46. Be5
Ke6 (46... Kd8 $5 47. Bf6+ Ke8 48. Be5 Kf7 49. Bc7 Rg6 50. Kb3 Kxg7 51. Kc4)
47. Bc7 Rxg7 48. Bxb6 Kd5 49. Bd8 Ra7+ 50. Kb3 Rb7 51. Ka4 Kc4 (51... Kc4 52.
b6 Rb8) 0-1

[Event "YUG-ch51 (Women)"]
[Site "Belgrade"]
[Date "1998.??.??"]
[Round "4"]
[White "Manakova, Maria"]
[Black "Maksimovic, Suzana"]
[Result "0-1"]
[WhiteElo "2315"]
[BlackElo "2300"]
[Annotator "Bulletin"]
[PlyCount "54"]
[EventDate "1998.04.??"]
[EventType "tourn"]
[EventRounds "13"]
[EventCountry "YUG"]
[SourceTitle "EXT 1999"]
[Source "ChessBase"]
[SourceDate "1998.11.16"]
[SourceVersion "1"]
[SourceVersionDate "1998.11.16"]
[SourceQuality "1"]

1. d4 Nf6 2. Nf3 c5 3. d5 g6 4. Nc3 d6 5. e4 Bg7 6. Be2 O-O 7. O-O Na6 8. Nd2
Nc7 9. a4 e6 10. Nc4 exd5 11. exd5 Re8 12. Bg5 b6 $146 (12... h6 13. Bh4 b6 14.
Bg3 Bf8 15. Ne3 Bb7 16. Re1 Rb8 17. Qd2 a6 18. Rab1 Qd7 19. f4 b5 20. axb5 Nxb5
21. f5 Nxc3 22. bxc3 Ne4 23. Qd3 Bg7 $2 (23... Nxg3 24. hxg3 $13) 24. fxg6 c4
$4 25. gxf7+ Qxf7 26. Nxc4 $18 {... 1-0(49) Sepulveda,A-Velasquez Ojeda,C/
Santiago op 1992/EXT 97}) 13. Qd2 Ba6 14. Rfe1 h6 15. Bh4 (15. Bxh6 $2 Bxh6 16.
Qxh6 Rxe2 $1 $17) 15... Ne4 $6 16. Nxe4 $1 Qxh4 $8 17. Ncxd6 $1 Re5 18. Bxa6
Nxa6 19. Ng3 $2 (19. c4 $16) 19... Rd8 20. Rxe5 Bxe5 21. Nb5 (21. Nb7) 21...
Bxb2 22. Rd1 (22. Rb1 Qxa4 $1 $15) 22... Qxa4 23. Nxa7 Nb4 $1 $19 24. c4 Bc3 $1
25. Qxc3 Qxd1+ 26. Nf1 Re8 $1 27. Qd2 Qa1 $1 0-1

[Event "World U20-ch22"]
[Site "Belfort"]
[Date "1983.08.21"]
[Round "9"]
[White "Georgiev, Kiril"]
[Black "Greenfeld, Alon"]
[Result "1-0"]
[WhiteElo "2410"]
[BlackElo "2460"]
[Annotator "Bulletin/Primel,D"]
[PlyCount "105"]
[EventDate "1983.08.12"]
[EventType "swiss"]
[EventRounds "13"]
[EventCountry "FRA"]
[SourceTitle "EXT 2004"]
[Source "ChessBase"]
[SourceDate "2003.11.25"]
[SourceVersion "1"]
[SourceVersionDate "2003.11.25"]
[SourceQuality "1"]

1. d4 Nf6 2. Nf3 (2. c4 c5 3. d5 e6) 2... c5 3. d5 $1 b5 (3... g6) (3... e6) 4.
Bg5 d6 (4... Ne4 5. Bh4 Bb7 6. Qd3 (6. a4)) (4... Qb6 5. Bxf6 (5. Nc3) 5...
Qxf6 6. c3 (6. e4)) 5. Bxf6 exf6 6. a4 $5 $146 {Une nouveauté intéressante
pour essayer de provoquer la poussée b5b4 qui donne une bonne case "c4" pour
le N. La différence avec l'autre ligne 6.e4 a6 7.a4 est que les noirs ne
peuvent pas jouer a6 а cause du clouage sur la colonne "a"} (6. e4 {[%cal
Gf1b5] La ligne principale} a6 7. a4 b4 8. Bd3 g6 9. Nbd2 {[%cal Gd2c4]} Bg7
10. Nc4 $14) 6... bxa4 (6... b4) 7. Nc3 g6 8. e3 Bg7 9. Bb5+ Bd7 10. Qd3 f5 {
[%csl Gg7][%cal Gg7c3]} 11. Nd2 O-O {[%cal Gd2c4]} 12. Nxa4 Qa5 13. Bxd7 Nxd7
14. O-O Ne5 15. Qe2 Rfb8 {[%csl Rb2]} 16. b3 (16. Ra2 $5) 16... Qb4 17. Nb2 $1
Nd7 18. Ndc4 Nb6 19. Ra6 {[%csl Ra7]} Qb5 20. Ra5 Qb4 21. Nxb6 (21. Ra6 {
Avec une répétition de coups}) 21... axb6 22. Rb5 $14 {[%csl Rb6]} Qe4 23. Nc4
Ra2 24. Qd3 Rxc2 25. Qxe4 fxe4 26. Nxd6 Rd2 27. Nc4 Rxd5 $15 28. g3 Rd3 29. Rc1
Bf8 (29... f5) 30. Rxb6 Rxb3 (30... Rxb6 31. Nxb6 Rxb3 32. Nd7 {[%cal Gd7f8,
Gd7c5]}) 31. Rc6 Rb1 32. Rxb1 Rxb1+ 33. Kg2 Rb7 (33... h5 $1 $138 {le zeitnot
va gacher la position supérieure des noirs.} 34. Ne5 {[%csl Gf7][%cal Gc6c7]}
Be7 $1 35. Rc7 Bd6 (35... Kf8) 36. Rc8+ Kg7 37. Nd7 Rc1 $17) 34. g4 $1 Kg7 35.
g5 Rd7 36. h4 h6 37. Ne5 Ra7 38. Kg3 hxg5 39. hxg5 Be7 40. Kf4 Ra1 41. Rc7 {
[%csl Rc5,Gc7,Re4,Ge5,Re7,Gf4,Rf7] Les pièces Blanches sont maintenant très
actives} Kf8 42. Kxe4 Ra4+ 43. Kd5 Ra6 44. f4 Rd6+ 45. Kc4 Re6 46. e4 Bxg5 $2 (
46... Kg7 47. Kd5 Kf8 48. Nc6 Rd6+ 49. Kc4 Re6 50. e5 Ke8 51. Kb5 (51. Kd5 Kf8)
) 47. Rxf7+ Kg8 48. Kd5 Rxe5+ 49. Kxe5 Kxf7 50. fxg5 c4 51. Kd4 Ke6 52. Kxc4
Ke5 53. Kd3 {[%mdl 8] Le Bulgare prend enfin une option sur le titre car SALOV
a annulé à cette ronde 09 et il est donc seul leader avec 8/9} 1-0

[Event "World U20-ch22"]
[Site "Belfort"]
[Date "1983.08.26"]
[Round "13"]
[White "Saeed, Saeed Ahmed"]
[Black "Trindade, Sandro Heleno"]
[Result "1-0"]
[WhiteElo "2390"]
[BlackElo "2320"]
[Annotator "Bulletin/Primel,D"]
[PlyCount "101"]
[EventDate "1983.08.12"]
[EventType "swiss"]
[EventRounds "13"]
[EventCountry "FRA"]
[SourceTitle "EXT 2016"]
[Source "ChessBase"]
[SourceDate "2015.10.08"]
[SourceVersion "1"]
[SourceVersionDate "2015.10.08"]
[SourceQuality "1"]

1. d4 e6 2. c4 c5 3. d5 exd5 4. cxd5 d6 5. Nc3 g6 6. e4 Bg7 7. f3 {[%csl Rg1]
Un ordre de coups assez rare} (7. Bd3 $142 Nf6 8. Nge2) 7... Nd7 $5 $146 (7...
Nf6 8. Bg5 (8. Nge2)) 8. Nh3 {[%csl Rh3] Ce Nh3 est mal placé et les Blancs
n'auront notamment pas la possibilité de jouer Nd2c4} Ne7 $5 {[%csl Gg7][%cal
Gf7f5] Le brésilien est containt de prendre des risques pour finir 03ème et
la position ressemble à un mélange de Benoni et de défense moderne} (8...
Ngf6 9. Bd3 (9. Be2) 9... O-O 10. O-O) 9. Be2 a6 10. a4 Rb8 11. O-O O-O 12. Be3
Nb6 $6 13. Nf2 (13. a5 $143 {Le coup naturel mais paradoxalement il doit
donner du contre-jeu aux Noirs qui pourront envisager ensuite la poussée b5}
Nd7 {[%cal Gb7b5]}) 13... f5 {Thématique sur la Bénoni mais intrinséquement
risqué} 14. Qd2 $1 Kh8 15. Bg5 $36 Qe8 16. Rae1 $32 {[%csl Re7,Re8]} Qf7 17.
Bxe7 Qxe7 18. exf5 gxf5 19. Bxa6 Be5 20. f4 (20. Bd3 Qh4 21. Rxe5 $1 dxe5 22.
Qe3 Nd7) 20... bxa6 21. fxe5 Nc4 $2 (21... dxe5 $8 22. Nd3 (22. a5 Nc4)) 22.
exd6 Qxd6 23. Qe2 Na5 24. Nd3 Nb3 25. Qf2 Bd7 26. Qh4 Rf7 27. Qf4 $1 {[%csl
Rd7]} Qxf4 28. Rxf4 {La finale est trés difficile pour les Noirs} (28. Nxf4)
28... Rg7 29. g3 Rc8 30. Kf2 c4 (30... Kg8) 31. Ne5 Nc5 32. Re3 Bxa4 33. Nxa4
Nxa4 34. Rxc4 Rxc4 35. Nxc4 Rb7 36. d6 $1 {[%csl Ge7]} Kg7 (36... Nxb2 37. Re7
$18) 37. Re2 Nc5 38. Ke3 Kf6 39. Kd4 Ne6+ 40. Kc3 Nc5 41. Kd4 Ne6+ 42. Kc3 Nc5
43. Re8 Rb3+ 44. Kd4 Ne6+ 45. Kd5 Rb5+ 46. Kc6 Nd4+ (46... Rc5+ 47. Kd7) 47.
Kd7 Rb7+ 48. Kc8 Rb4 49. Ne5 Ne6 50. Nd7+ Kf7 51. Re7+ {Ce gain permet à
SAEED de terminer 03ème du Championnat} 1-0

[Event "Lopota FIDE GP (Women)"]
[Site "Lopota"]
[Date "2014.07.01"]
[Round "11"]
[White "Khotenashvili, Bela"]
[Black "Koneru, Humpy"]
[Result "1-0"]
[WhiteElo "2518"]
[BlackElo "2613"]
[Annotator "CB"]
[PlyCount "87"]
[EventDate "2014.06.19"]
[EventType "tourn"]
[EventRounds "11"]
[EventCountry "GEO"]
[EventCategory "11"]
[SourceTitle "CBM 161 Extra"]
[Source "ChessBase"]
[SourceDate "2014.08.29"]
[SourceVersion "1"]
[SourceVersionDate "2014.08.29"]
[SourceQuality "1"]

{Humpy's bizarre version of a Benoni was less than successful and by move 15
Khotenashvili enjoyed a clear advantage. Khotenashvili played well and wrecked
Koneru's position.} 1. d4 e6 2. c4 c5 3. d5 exd5 4. cxd5 d6 5. Nc3 a6 6. a4 Ne7
7. e4 Ng6 8. Bd3 Be7 9. Nge2 O-O 10. O-O Re8 11. Ng3 Nd7 12. f4 Qc7 13. Kh1 Rb8
14. b3 b6 15. Bb2 Bf8 16. Qc2 Qd8 17. Rae1 Nf6 18. h3 Ng4 19. Qd1 Qh4 20. Qf3 {
Black's knights are dominated and White enjoys an important advantage in space.
} Nh6 21. Kg1 $1 {An important move giving back White's control of g4.} f5 22.
Re3 $1 {Very precise.} Qf6 23. Qe2 Qf7 24. e5 {It is clear now that White's
pawn central majority will be the winning factor of this game.} dxe5 25. fxe5
c4 26. Bxf5 {Winning, but not the easiest.} (26. Bxc4 Bc5 27. Nce4 $1 $16)
26... Bxf5 27. e6 Qc7 28. Nxf5 Nxf5 29. Rxf5 Bc5 30. Ne4 $1 Bxe3+ 31. Qxe3 Rbd8
32. Qc3 $1 (32. Rf7 $1 Re7 33. Qc3 Rxf7 34. d6 $1 $18 {is a machine like-win.})
32... Re7 33. bxc4 Nf4 34. Nf6+ $2 {Fancy and unnecessary.} (34. Qf3 {leaves
Black completely defenseless against a multitude of threats.}) 34... gxf6 35.
Rg5+ Rg7 36. Qxf6 Ng6 37. Be5 (37. h4 {was immediately stronger.}) 37... Qe7 (
37... Rf8 $1 {Might put some resistance as it is unclear how White will win.}
38. Qxg7+ Qxg7 39. Bxg7 Kxg7 40. g4 $1 {And only White can win, but there is
still work to be done.}) 38. h4 Rf8 39. Qxe7 Rxe7 40. h5 {The rest is simple.}
Rc8 41. hxg6 Rxc4 42. g7 (42. Rh5 $18) 42... Re4 43. Kf2 h6 44. d6 1-0

[Event "Reykjavik"]
[Site "Reykjavik"]
[Date "1989.??.??"]
[Round "?"]
[White "Petursson, Margeir"]
[Black "Watson, William N"]
[Result "1-0"]
[WhiteElo "2530"]
[BlackElo "2505"]
[Annotator "ChessBase"]
[PlyCount "79"]
[EventDate "1989.02.??"]
[EventType "tourn"]
[EventRounds "13"]
[EventCountry "ISL"]
[EventCategory "9"]
[SourceTitle "CBM 013"]
[Source "ChessBase"]
[SourceDate "1989.12.01"]
[SourceVersion "1"]
[SourceVersionDate "1989.12.01"]
[SourceQuality "1"]

1. d4 d6 2. e4 Nf6 3. Nc3 g6 4. Nf3 Bg7 5. Be2 O-O 6. O-O c5 7. d5 Na6 8. Bf4
Nc7 9. a4 b6 10. h3 (10. Re1 Bb7 11. Bc4 Nh5 12. Bg5 Nf6 13. Qd3 a6 14. Rad1
Rb8 15. h3 Nd7 16. Qe3 Ba8 17. Bh6 b5 18. Bxg7 Kxg7 19. Bf1 Nf6 20. axb5 axb5
21. Ne2 Bb7 22. Ng3 Ra8 23. c3 Ra4 24. Bd3 Qa8 $2 {>= 24...h6; 24...Kh8} 25. e5
$1 dxe5 26. Qxe5 Ncxd5 27. Bxb5 Ra7 28. Nh4 Bc8 29. Be2 Be6 30. c4 Nb4 31. Qxc5
Qb8 32. Bf1 Rc8 33. Qg5 Kh8 34. Rd2 Nc6 35. Qh6 Rg8 36. Nf3 Qf8 37. Qe3 Kg7 38.
Ng5 Bd7 39. b4 Qa8 40. b5 Na5 41. b6 {Karpov,An-Kortschnoj,V (32)/Baguio-Wch/
1978/1-0/}) 10... Bb7 11. Bc4 a6 12. Re1 Qd7 13. Qd3 Rad8 14. Rab1 e6 15. b4
exd5 (15... Nxe4 $5 16. Rxe4 Bxc3 17. Qxc3 exd5 18. Bh6 d4 19. Nxd4 $40) 16.
exd5 cxb4 17. Rxb4 b5 18. axb5 axb5 19. Bb3 Na6 (19... Rfe8 20. Rd1 Na6 21.
Rxb5 Nc5 22. Rxc5 $1) 20. Rxb5 Nc5 21. Qc4 Ba6 22. Bxd6 $1 $16 Nxb3 23. Bxf8
Na5 24. Qa4 Bxb5 25. Qxa5 Bxf8 26. Nxb5 Qxd5 27. c4 Qd7 28. Qb6 Kg7 29. Ra1 Rc8
30. Ra7 Qd1+ 31. Kh2 Bc5 32. Rxf7+ Kxf7 33. Qb7+ Nd7 34. Qxc8 Bxf2 35. Qd8 Kg7
36. Qe7+ Kh6 37. Nd6 Qc1 38. Nf7+ Kg7 39. N7g5+ Kg8 40. Qf7+ 1-0

[Event "HUN-ch"]
[Site "Budapest"]
[Date "1996.??.??"]
[Round "1"]
[White "Horvath, Csaba"]
[Black "Fogarasi, Tibor"]
[Result "1-0"]
[WhiteElo "2530"]
[BlackElo "2505"]
[Annotator "ChessBase"]
[PlyCount "49"]
[EventDate "1996.12.??"]
[EventType "tourn"]
[EventRounds "11"]
[EventCountry "HUN"]
[EventCategory "9"]
[SourceTitle "CBM 057"]
[Source "ChessBase"]
[SourceDate "1997.04.01"]
[SourceVersion "1"]
[SourceVersionDate "1997.04.01"]
[SourceQuality "1"]

1. d4 c5 2. d5 e6 3. Nc3 a6 4. a4 d6 5. e4 Ne7 6. Nf3 e5 7. Nd2 b6 8. Nc4 Ra7
9. g3 g6 10. f4 f6 11. Bg2 Bg7 12. O-O O-O 13. Be3 Rb7 14. Qd2 b5 15. axb5 axb5
16. Na5 Rb6 17. fxe5 fxe5 18. Rxf8+ Bxf8 19. Rf1 Bg7 20. Qf2 h6 21. b4 Ra6 22.
Nxb5 cxb4 23. Nc4 Qd7 24. Nbxd6 Rxd6 25. Nxd6 (25. Nxd6 Qxd6 26. Bc5 Qd8 27.
Qf7+ Kh7 28. Bxe7 $18) 1-0

[Event "London Phillips&Drew"]
[Site "London"]
[Date "1980.??.??"]
[Round "10"]
[White "Browne, Walter Shawn"]
[Black "Gheorghiu, Florin"]
[Result "0-1"]
[WhiteElo "2540"]
[BlackElo "2605"]
[Annotator "ChessBase"]
[PlyCount "80"]
[EventDate "1980.04.10"]
[EventType "tourn"]
[EventRounds "13"]
[EventCountry "ENG"]
[EventCategory "13"]
[SourceTitle "EXT 1999"]
[Source "ChessBase"]
[SourceDate "1998.11.16"]
[SourceVersion "1"]
[SourceVersionDate "1998.11.16"]
[SourceQuality "1"]

1. d4 Nf6 2. Nf3 c5 3. d5 g6 4. Nc3 Bg7 5. e4 O-O $5 (5... d6 6. Bb5+ $14) 6.
Nd2 (6. e5 Ng4 7. Bf4 d6 $11) (6. Be2 b5 7. e5 Ng4 8. Bf4 $36) 6... d6 7. Be2
Na6 8. O-O Nc7 9. a4 b6 10. Nc4 Ba6 $1 11. Re1 (11. Bf4 Rb8 12. b3 $5 $14)
11... Nd7 12. Ra3 $1 Rb8 13. Rb3 Ne5 $1 (13... Bxc4 14. Bxc4 a6 15. Qe2 Bxc3
16. Rxc3 b5 17. axb5 axb5 18. Ba2 {/\Rh3+/-->}) 14. Nxe5 Bxe2 15. Qxe2 Bxe5
$132 16. Nb5 Rb7 $1 (16... Nxb5 17. axb5 $14 {()}) 17. f4 Bg7 18. Rd1 Qc8 $1
19. Qc4 (19. e5 Nxb5 20. axb5 c4 $1 {/\Qc5|^}) 19... Rd8 $1 20. Kh1 Ne8 21. h3
a6 22. Nc3 (22. Na3 $142 Nc7 $15) 22... Nc7 23. Qe2 Qb8 $1 24. e5 b5 25. axb5
axb5 26. Ne4 c4 $1 $17 27. Rf3 dxe5 28. Nc5 Ra7 29. fxe5 Rxd5 30. Rxd5 Nxd5 31.
e6 f5 32. Rf1 Ra1 33. Rd1 Qg3 $1 $19 {/\Be5} 34. Nd7 h5 35. c3 Kh7 36. Bg5 $6
Nxc3 $1 37. bxc3 Rxd1+ 38. Qxd1 Qxg5 39. Qd5 Qe3 40. Qxb5 Qxe6 0-1

[Event "Cannes Martinez"]
[Site "Cannes"]
[Date "1995.??.??"]
[Round "5"]
[White "Bacrot, Etienne"]
[Black "Dizdarevic, Emir"]
[Result "0-1"]
[WhiteElo "2300"]
[BlackElo "2465"]
[Annotator "ChessBase"]
[PlyCount "88"]
[EventDate "1995.01.??"]
[EventType "tourn"]
[EventRounds "11"]
[EventCountry "FRA"]
[EventCategory "8"]
[SourceTitle "CBM 047 Extra"]
[Source "ChessBase"]
[SourceDate "1995.09.01"]
[SourceVersion "1"]
[SourceVersionDate "1995.09.01"]
[SourceQuality "1"]

1. d4 e6 2. c4 c5 3. d5 exd5 4. cxd5 d6 5. Nc3 Ne7 6. Nf3 Ng6 7. g3 Be7 8. Bg2
O-O 9. O-O Re8 10. Qc2 Na6 11. Re1 Rb8 12. b3 b5 13. Bb2 Nc7 14. Rad1 Bf6 15.
a3 a5 16. b4 axb4 17. axb4 Na6 18. bxc5 dxc5 19. d6 Nb4 20. Qb1 Bg4 21. Nd5
Nxd5 22. Rxd5 Bxb2 23. Qxb2 b4 24. Rc1 c4 25. Nd4 c3 26. Qb3 Bd7 27. Ra1 Qb6
28. e3 Rec8 29. Be4 Nf8 30. Bf5 g6 31. Bd3 Ne6 32. Bc4 Nc5 33. Qc2 b3 34. Qxc3
Na4 $4 {Zeitnot} (34... b2 35. Rb1 Na4 $19) 35. Qxb3 Qd8 36. Bb5 (36. Rxa4 $3
Rxb3 37. Bxb3 Bxa4 38. Bxa4 Rc1+ 39. Kg2 Qa8 40. e4 $18) 36... Nc3 37. Re5 $2 (
37. Ra7 $1) 37... Qf6 38. f4 $4 (38. Ra7) 38... Nxb5 39. Nxb5 Rxb5 40. Rxb5
Qxa1+ 41. Kg2 Bxb5 42. Qxb5 Qa2+ 43. Kf3 Qa8+ 44. Kg4 Qc6 0-1

[Event "Biel"]
[Site "Biel"]
[Date "1989.??.??"]
[Round "?"]
[White "Ivanchuk, Vassily"]
[Black "Torre, Eugenio"]
[Result "1-0"]
[WhiteElo "2660"]
[BlackElo "2560"]
[Annotator "ChessBase"]
[PlyCount "69"]
[EventDate "1989.07.??"]
[EventType "tourn"]
[EventRounds "14"]
[EventCountry "SUI"]
[EventCategory "14"]
[SourceTitle "CBM 014"]
[Source "ChessBase"]
[SourceDate "1990.02.01"]
[SourceVersion "1"]
[SourceVersionDate "1990.02.01"]
[SourceQuality "1"]

1. d4 d6 2. e4 Nf6 3. Nc3 g6 4. Nf3 Bg7 5. Be2 O-O 6. O-O c5 7. d5 Na6 8. Bf4
Nc7 9. a4 (9. Re1 a6 10. a4 Bd7 $6 {10...b6} 11. e5 Nh5 12. Be3 dxe5 13. Bxc5
$14 {Gelfand,B-Polgar,J/Amsterdam OHRA-B/1989/1-0/}) 9... a6 10. h3 b6 11. Re1
Bb7 12. Bc4 Qd7 13. Qd3 (13. e5 Nh5 $1 14. Bh2 b5 $1 $13) 13... Rad8 14. Rad1
Qc8 15. Qe3 Rfe8 16. Bh6 Bh8 {>= 16...e6!; Torre} 17. Ng5 $1 Nd7 18. f4 Bg7 19.
Bxg7 Kxg7 20. e5 b5 21. axb5 Nb6 22. bxa6 Nxc4 23. axb7 Qxb7 24. Qe4 Nxb2 25.
Rb1 Qb4 26. Qxb4 cxb4 27. Nce4 Nc4 $2 (27... Na4 $1 28. Rxb4 Nc5) 28. Rxb4 Na3
29. Ra4 Ra8 30. Rxa8 Rxa8 31. exd6 Nxd5 $2 {>= 31...exd6} 32. Rd1 Nb6 33. dxe7
Re8 34. f5 f6 35. Ne6+ 1-0